000 00668nam a2200277Ia 4500
005 20260324113313.0
008 008 260324s9999 xx 000 0 eng d
020 _a9781003399254
037 _aEBOOK
040 _aCRL
040 _beng
040 _cCRL
041 _2eng
041 _aeng
084 _qCRL
100 _aAnita Mackay
_91146232
245 2 _aA Children’s Rights Assessment of Juvenile Detention in Australia
260 _bTaylor and Francis
260 _c2024
365 _a
365 _b240
856 _uhttp://www.taylorfrancis.com/books/9781003399254
942 _cEBOOK
999 _c1735811
_d1735811